Narmada : (Record no. 90121)

MARC details
000 -LEADER
fixed length control field 00617nam a22001937a 4500
005 - DATE AND TIME OF LATEST TRANSACTION
control field 20141128120146.0
010 ## - LCCN (DPL NO)
LC control number ENG-111273
020 ## - INTERNATIONAL STANDARD BOOK NUMBER
International Standard Book Number 9789382400110
Terms of availability 300.00
035 ## - SYSTEM CONTROL NUMBER
System control number EN-94805
037 ## - SOURCE OF ACQUISITION
Source of stock number/acquisition DBAD/PUB
082 ## - DEWEY DECIMAL CLASSIFICATION NUMBER
Classification number 910.91693
100 ## - MAIN ENTRY--PERSONAL NAME
Personal name Vegad, Amritlal
245 ## - TITLE STATEMENT
Title Narmada :
Statement of responsibility, etc by Amritlal Vegad ; translated from the original in Hindi by Marietta Maddrell
Remainder of title river of joy /
260 ## - PUBLICATION, DISTRIBUTION, ETC. (IMPRINT)
Place of publication, distribution, etc Indore
Name of publisher, distributor, etc Banyan Tree
Date of publication, distribution, etc 2014
270 ## - ADDRESS
Address 1-B Dhenu Market, 2nd Floor
City Indore
Postal code 452003
300 ## - PHYSICAL DESCRIPTION
Extent 220p. :
Dimensions 23cm(pbk)
Other physical details ill.
700 ## - ADDED ENTRY--PERSONAL NAME
Personal name Maddrell,Marietta
942 ## - ADDED ENTRY ELEMENTS (KOHA)
Source of classification or shelving scheme Dewey Decimal Classification
Item type English Books
Call number suffix VEG
Classification part 910.91693
Holdings
Withdrawn status Lost status Not for loan Collection code Home library Current library Date acquired Source of acquisition Cost, normal purchase price Full call number Barcode Copy number Cost, replacement price Koha item type
    Not For Loan Non-fiction D.B.Act.Division D.B.Act.Division 18/11/2014 DBAD/PUB 300.00 910.91693 VEG EN-94805 1 300.00 English Books

© Delhi Public Library
Hit Counter
free hit counter